I'm that girl / (Record no. 406038)
[ view plain ]
| 000 -LEADER | |
|---|---|
| fixed length control field | 02199nam a2200397 i 4500 |
| 001 - CONTROL NUMBER | |
| control field | in902940619 |
| 005 - DATE AND TIME OF LATEST TRANSACTION | |
| control field | 20260226123300.0 |
| 008 - FIXED-LENGTH DATA ELEMENTS--GENERAL INFORMATION | |
| fixed length control field | 250218s2025 nyua 000 0aeng |
| 020 ## - INTERNATIONAL STANDARD BOOK NUMBER | |
| International Standard Book Number | 9780063443402 |
| Qualifying information | (hardcover) |
| 035 ## - SYSTEM CONTROL NUMBER | |
| System control number | (OCoLC)1500145675 |
| 040 ## - CATALOGING SOURCE | |
| Original cataloging agency | TnLvILS |
| Language of cataloging | eng |
| Transcribing agency | TnLvILS |
| Description conventions | rda |
| 043 ## - GEOGRAPHIC AREA CODE | |
| Geographic area code | n-us--- |
| 050 #4 - LIBRARY OF CONGRESS CALL NUMBER | |
| Classification number | GV460.2.C45 |
| Item number | A3 2025 |
| 082 04 - DEWEY DECIMAL CLASSIFICATION NUMBER | |
| Classification number | 796.44092 |
| -- | B |
| Edition number | 23/eng/20250218 |
| 092 ## - LOCALLY ASSIGNED DEWEY CALL NUMBER (OCLC) | |
| Classification number | general nonfiction |
| Item number | Biography Chiles, Jordan |
| 100 1# - MAIN ENTRY--PERSONAL NAME | |
| Personal name | Chiles, Jordan, |
| Relator term | author. |
| 9 (RLIN) | 6541569 |
| 245 10 - TITLE STATEMENT | |
| Title | I'm that girl / |
| Statement of responsibility, etc | Jordan Chiles with Felice Laverne ; foreword by Simone Biles. |
| 246 14 - VARYING FORM OF TITLE | |
| Title proper/short title | I'm that girl : |
| Remainder of title | living the power of my dreams |
| 250 ## - EDITION STATEMENT | |
| Edition statement | First edition. |
| 264 #1 - Production, Publication, Distribution, Manufacture, and Copyright Notice. | |
| Place of production, publication, distribution, manufacture | New York, NY : |
| Name of producer, publisher, distributor, manufacturer | Harper Influence, |
| Date of production, publication, distribution, manufacture, or copyr | [2025] |
| 300 ## - PHYSICAL DESCRIPTION | |
| Extent | xvi, 261 pages : |
| Other physical details | color illustrations ; |
| Dimensions | 24 cm |
| 336 ## - Content Type | |
| Content type term | text |
| 337 ## - Media type | |
| Media type term | unmediated |
| 338 ## - Carrier type | |
| Carrier type term | volume |
| 520 ## - SUMMARY, ETC. | |
| Summary, etc | "In her powerful, eye-opening memoir, [Olympic gymnast] Jordan digs deep, sharing the story of her life's challenges--the racism she encountered as a gifted Black girl in a predominantly white elite sport, the battles with body image and subsequent unhealthy relationship with food, the grueling practices, the injuries, the moments of nearly calling it quits. Through it all, Jordan refused to give up. Through sheer grit--and the love of her family--she kept working and winning. ... With the highs, lows, twists, and turns characteristic of the sport, and featuring a 16-page color photo insert, I'm That Girl reveals how one ... young woman keeps her balance in a uniquely dizzying life"-- |
| 600 10 - SUBJECT ADDED ENTRY--PERSONAL NAME | |
| Personal name | Chiles, Jordan. |
| 9 (RLIN) | 6541569 |
| 650 #0 - SUBJECT ADDED ENTRY--TOPICAL TERM | |
| Topical term or geographic name as entry element | Women gymnasts |
| Geographic subdivision | United States |
| Form subdivision | Biography. |
| 9 (RLIN) | 5730571 |
| 650 #0 - SUBJECT ADDED ENTRY--TOPICAL TERM | |
| Topical term or geographic name as entry element | Gymnastics |
| Geographic subdivision | United States |
| Form subdivision | Biography. |
| 9 (RLIN) | 6541570 |
| 650 #0 - SUBJECT ADDED ENTRY--TOPICAL TERM | |
| Topical term or geographic name as entry element | Women Olympic athletes |
| Geographic subdivision | United States |
| Form subdivision | Biography. |
| 9 (RLIN) | 5730572 |
| 650 #0 - SUBJECT ADDED ENTRY--TOPICAL TERM | |
| Topical term or geographic name as entry element | Olympic athletes |
| Geographic subdivision | United States |
| Form subdivision | Biography. |
| 9 (RLIN) | 6455175 |
| 650 #0 - SUBJECT ADDED ENTRY--TOPICAL TERM | |
| Topical term or geographic name as entry element | African American women |
| Form subdivision | Biography. |
| 9 (RLIN) | 5697160 |
| 655 #7 - INDEX TERM--GENRE/FORM | |
| Genre/form data or focus term | Autobiographies. |
| Source of term | lcgft |
| 700 1# - ADDED ENTRY--PERSONAL NAME | |
| Personal name | Laverne, Felice, |
| Relator term | author. |
| 9 (RLIN) | 6541571 |
| 700 1# - ADDED ENTRY--PERSONAL NAME | |
| Personal name | Biles, Simone, |
| Dates associated with a name | 1997- |
| Relator term | writer of foreword. |
| 9 (RLIN) | 5730564 |
| 942 ## - ADDED ENTRY ELEMENTS (KOHA) | |
| Source of classification or shelving scheme | Dewey Decimal Classification |
| Koha item type | BOOK |
| Withdrawn status | Lost status | Source of classification or shelving scheme | Damaged status | Not for loan | Collection code | Home library | Current library | Shelving location | Date acquired | Source of acquisition | Total Checkouts | Full call number | Barcode | Date last seen | Date checked out | Cost, replacement price | Price effective from | Koha item type |
|---|---|---|---|---|---|---|---|---|---|---|---|---|---|---|---|---|---|---|
| Dewey Decimal Classification | General NonFiction | Wasatch County Library | Wasatch County Library | Second Floor | 05/20/2025 | 1 | Biography Chiles | 34301002114306 | 06/29/2025 | 06/26/2025 | 27.99 | 05/20/2025 | BOOK |
